| 000 | 00805nam a22002412 4500 | ||
|---|---|---|---|
| 001 | 0000021082 | ||
| 005 | 20151021152606.0 | ||
| 008 | 120111s xx 000 0 eng d | ||
| 020 | _a0415247527 : | ||
| 040 |
_aKABU _cKABU |
||
| 100 | 1 |
_aBeck, Andrew. _@0000181760 |
|
| 245 | 1 | 0 |
_aAS Communication studies : _bthe essential introduction / _cAndrew Beck, Peter Bennett and Peter Wall. |
| 250 | _a1st ed. | ||
| 260 |
_aLondon : _bRoutledge, _c2002. |
||
| 300 | _aix, 261 p. | ||
| 650 | 0 |
_aCommunication. _@0000151592 |
|
| 700 | 1 |
_aBennett, Peter. _@0000181761 |
|
| 700 | 1 |
_aWall, Peter. _@0000181762 |
|
| 852 | 1 | _9p2180 KES | |
| 852 | 1 | _9p2180 KES | |
| 908 | _a120111 | ||
| 950 | _@1 | ||
| 999 |
_c1661 _d1661 |
||